The Olmec tradition : [exhibition] June 18 to August 25, 1963 /

Bibliographic Details
Corporate Author: Museum of Fine Arts, Houston
Format: Book
Language:English
Published: Houston, Texas : The Museum of Fine Arts, [1963]
Subjects:

MARC

Tag First Indicator Second Indicator Subfields
LEADER 00000cam a2200000 a 4500
001 in00000084704
005 20151008053210.0
008 741112s1963 txuab 00010 engmu
010 |a  63021043  
035 |a (OCoLC)01072606 
035 |9 AAH6625AM 
040 |a DLC  |c DRB  |d m.c.  |d OCL  |d SER  |d TXA  |d UtOrBLW 
043 |a n-mx--- 
049 |a TXAM  |c [1655708] 
050 0 0 |a F1219  |b  H79 
082 0 |a 707.4 
110 2 |a Museum of Fine Arts, Houston. 
245 1 4 |a The Olmec tradition :  |b [exhibition] June 18 to August 25, 1963 /  |c The Museum of Fine Arts, Houston, Texas. 
264 1 |a Houston, Texas :  |b The Museum of Fine Arts,  |c [1963] 
264 4 |c ©1963 
300 |a 73 unnumbered pages :  |b illustrations, map ;  |c 28 cm. 
336 |a text  |b txt  |2 rdacontent 
337 |a unmediated  |b n  |2 rdamedia 
338 |a volume  |b nc  |2 rdacarrier 
505 0 |a La cultura olmeca / A.M. Zenil, with English translation by E.H. Shressler -- A head from San Lorenzo / by J.J. Sweeney -- Works in exhibition, with list in English and Spanish. 
650 0 |a Olmecs. 
650 0 |a Indian art  |z Mexico. 
999 |a MARS 
999 f f |s e96df545-b507-3fb9-a9f2-05fcdf3b547d  |i c0066c34-4506-3cfe-88f0-08633b3c490b  |t 0 
952 f f |p ric  |a Texas A&M University  |b Rellis Campus  |c Joint Library Facility  |d Remote Storage  |t 0  |e F1219 H79  |h Library of Congress classification  |i unmediated -- volume  |m A14805954641 
998 f f |a F1219 H79  |t 0  |l Remote Storage